Bytový dom

Saved in:
Bibliographic Details
Main Author: Kováč, Marek (Author)
Other Authors: Pavčeková, Monika (Thesis advisor)
Format: Manuscript Book
Language:Slovak
Published: 2025
Subjects:
Online Access:http://is.stuba.sk/zp/portal_zp.pl?podrobnosti=168123
CRZP
Tags: Add Tag
No Tags, Be the first to tag this record!

MARC

LEADER 00000ntm a22000003a 4500
001 stuzp104659
003 SK-STU
005 20250725112213.2
007 ta
008 150427s2015----xo-----f-mn---000-0-slo-d
040 |a STU  |b slo 
041 0 |a slo 
100 1 |a Kováč, Marek  |u 010180  |4 aut  |U SvF Stavebná fakulta  |T SvF Katedra konštrukcií pozemných stavieb  |X 115469  |U V180  |Y 18  |7 115469 
242 0 1 |a Apartment House  |y eng 
245 1 0 |a Bytový dom 
260 |c 2025 
650 4 |a novostavba  |2 slo 
650 4 |a monolitický železobetón  |2 slo 
650 4 |a pórobetónové tvárnice  |2 slo 
650 4 |a extenzívna zelená plochá strecha  |2 slo 
650 4 |a kontaktný zatepľovací systém  |2 slo 
650 4 |a bakalárska práca  |2 slo 
650 4 |a bytový dom  |2 slo 
650 4 |a byty  |2 slo 
650 4 |a apartment building  |2 eng 
650 4 |a apartments  |2 eng 
650 4 |a monolithic reinforced concrete  |2 eng 
650 4 |a aerated concrete blocks  |2 eng 
650 4 |a extensive green flat roof  |2 eng 
650 4 |a contact thermal insulation system  |2 eng 
650 4 |a bachelor thesis  |2 eng 
650 4 |a new building  |2 eng 
700 1 |a Pavčeková, Monika  |u 010180  |k Z1  |4 ths  |U SvF Stavebná fakulta  |T SvF Katedra konštrukcií pozemných stavieb  |X 10271  |U V180  |Y 18  |7 A000010271 
856 4 |u http://is.stuba.sk/zp/portal_zp.pl?podrobnosti=168123 
856 4 |u https://opac.crzp.sk/?fn=detailBiblioForm&sid=12BF14ADF430A4F4B5F05AB4236B  |z CRZP